000
00328nam a22001457a 4500
003
SGT
020
_a
978-81-8061-469-7
082
_a
615.8
_b
T16N
100
_a
NARAYANAN, LAKSHMI S.
245
_a
TB. OF THERAPEUTIC EXERCISES
250
_a
1ST
260
_a
INDIA
_b
JAYPEE PUB.
_c
2016
300
_a
243
942
_2
ddc
_c
BK
_0
82
999
_c
16979
_d
16979